Economía agraria colombiana / (Record no. 93149)
[ view plain ]
| 000 -LEADER | |
|---|---|
| campo de control de longitud fija | 00599nam a2200205 i 4500 |
| 001 - NÚMERO DE CONTROL | |
| campo de control | 93149 |
| 003 - IDENTIFICADOR DE NÚMERO DE CONTROL | |
| campo de control | ES-MaACL |
| 005 - FECHA Y HORA DE LA ÚLTIMA TRANSACCIÓN | |
| campo de control | 20230906181132.0 |
| 007 - CAMPO FIJO DE DESCRIPCIÓN FÍSICA--INFORMACIÓN GENERAL | |
| campo de control de longitud fija | t| |
| 008 - DATOS DE LONGITUD FIJA--INFORMACIÓN GENERAL | |
| campo de control de longitud fija | 050408s1965 sp ||||1| spa d |
| 100 1# - ENTRADA PRINCIPAL--NOMBRE DE PERSONA | |
| Nombre de persona | Londoño, Carlos Mario. |
| 9 (RLIN) | 73221 |
| 245 10 - MENCIÓN DEL TÍTULO | |
| Título | Economía agraria colombiana / |
| Mención de responsabilidad, etc. | Carlos Mario Londoño. |
| 260 ## - PUBLICACIÓN, DISTRIBUCIÓN, ETC. | |
| Lugar de publicación, distribución, etc. | Madrid : |
| Nombre del editor, distribuidor, etc. | Rialp, |
| Fecha de publicación, distribución, etc. | 1965. |
| 300 ## - DESCRIPCIÓN FÍSICA | |
| Extensión | 226 p. ; |
| Dimensiones | 24 cm. |
| 490 1# - MENCIÓN DE SERIE | |
| Mención de serie | Hombre y Sociedad ; |
| Designación de volumen o secuencia | 12 |
| 650 #4 - PUNTO DE ACCESO ADICIONAL DE MATERIA--TÉRMINO DE MATERIA | |
| Término de materia o nombre geográfico como elemento de entrada | Agricultura- |
| Subdivisión geográfica | Colombia. |
| 9 (RLIN) | 160762 |
| 830 0# - PUNTO DE ACCESO ADICIONAL DE SERIE-TÍTULO UNIFORME | |
| Título uniforme | Hombre y Sociedad ; |
| Designación de volumen o secuencia | 12 |
| 9 (RLIN) | 182556 |
| 852 ## - LOCALIZACIÓN | |
| Ubicación | ES-MaACL |
| Número de control de estantería | C-28719 |
| Sublocalización o colección | R.58239 |
| Estatus retirado | Estado de pérdida | Estado de daño | No para préstamo | Biblioteca de origen | Biblioteca actual | Ubicación en estantería | Fecha de adquisición | Fuente de adquisición | Total de préstamos | Signatura topográfica completa | Código de barras | Visto por última vez | Precio de reemplazo | Tipo de ítem Koha |
|---|---|---|---|---|---|---|---|---|---|---|---|---|---|---|
| Biblioteca del Ateneo de Madrid | Biblioteca del Ateneo de Madrid | Depósito 2 | 17/01/2008 | C-28719 | 1097233 | 23/02/2023 | 23/02/2023 | Libro impreso |
